| 000 | 01220nam a2200229Ia 4500 | ||
|---|---|---|---|
| 999 |
_c49284 _d49284 |
||
| 001 | 16200 | ||
| 003 | GE_BSU | ||
| 005 | 20221128145248.0 | ||
| 008 | 181216s2013||||ge |||||||||||||| ||geo|| | ||
| 020 | _a9789941054204 | ||
| 040 | _cGE_BSU | ||
| 041 | _ageo | ||
| 080 | _a159.922.7 ჩ-43 | ||
| 245 |
_aჩემი ბრალი არ არის : _bბავშვთა ფსიქოლოგია - საკითხავი დედებისთვის / _cშემდგ. და რედ. ელენე ღაღანიძე-გრინი. |
||
| 264 |
_aთბილისი : _bოქსიმორონი, _c2013. |
||
| 300 |
_a80 გვ. : _bფოტ. ; _c20 სმ. |
||
| 500 | _aყდაზე: ელენე ჭრელაშვილი. - ყდის შიდა გვ.: ლიზა ქორიძის, ანამარია ქორიძისა და ნიცა ჭაბაშვილის ნახატები | ||
| 541 | _h4ლ. | ||
| 653 | _aბავშვთა ფსიქოლოგია | ||
| 700 |
_aღაღანიძე-გრინი, ელენე _eშემდგ.-რედაქტორი _916157 |
||
| 942 |
_cBK _2udc |
||